[Event "AUT-chT2O 1819"]
[Site "Austria"]
[Date "2019.01.13"]
[Round "7.5"]
[White "Vrana, Frantisek"]
[Black "Bachofner, Christian"]
[Result "1-0"]
[WhiteElo "2252"]
[BlackElo "2012"]
[PlyCount "103"]
[EventDate "2018.10.06"]
[EventType "team-tourn"]
[EventRounds "11"]
[EventCountry "AUT"]
[SourceTitle "CBM 189 Extra"]
[Source "ChessBase"]
[SourceDate "2019.06.03"]
[SourceVersion "1"]
[SourceVersionDate "2019.06.03"]
[SourceQuality "1"]
[WhiteTeam "Mistelbach/Altlichtenwarth"]
[BlackTeam "Nickelsdorf Blackburne"]
[WhiteTeamCountry "AUT"]
[BlackTeamCountry "AUT"]

1. e4 c5 2. Nf3 d6 3. g3 Nc6 4. Bg2 Nf6 5. Nc3 g6 6. d4 cxd4 7. Nxd4 Nxd4 8. Qxd4 Bg7 9. 0-0 0-0 10. Qd1 a6 11. a4 Qc7 12. Nd5 Nxd5 13. exd5 Bf5 14. c3 Rfe8 15. Be3 Qc4 16. a5 Qb5 17. Qc1 Rac8 18. Rd1 Qd7 19. Qd2 Rc4 20. Bf1 Ra4 21. Bb6 h5 22. Rac1 Kh7 23. b3 Re4 24. Bg2 Bh6 25. f4 Rc8 26. Bxe4 Bxe4 27. Re1 f5 28. c4 Bg7 29. Re3 Bf6 30. Rce1 e5 31. dxe6 Qxe6 32. Rd1 Rc6 33. h4 Qe8 34. Bd4 Qh8 35. Bxf6 Qxf6 36. Qd4 Kg7 37. Kf2 Qxd4 38. Rxd4 Kf6 39. Rc3 d5 40. c5 Re6 41. Rb4 Re7 42. Rb6+ Kf7 43. Rd6 Re6 44. Rxe6 Kxe6 45. Ke3 Kd7 46. Kd4 Kc6 47. Rc1 Kb5 48. c6 bxc6 49. Rc5+ Kb4 50. Rxc6 Kxa5 51. Kc5 Bd3 52. Rb6 1-0

[Event "AUT-chT2O 1617"]
[Site "Austria"]
[Date "2016.12.03"]
[Round "5.5"]
[White "Bachofner, Christian"]
[Black "Hechl, Gerald"]
[Result "0-1"]
[WhiteElo "2030"]
[BlackElo "2251"]
[PlyCount "72"]
[EventDate "2016.10.15"]
[EventType "team-tourn"]
[EventRounds "11"]
[EventCountry "AUT"]
[SourceTitle "CBM 177 Extra"]
[Source "ChessBase"]
[SourceDate "2017.04.27"]
[SourceVersion "1"]
[SourceVersionDate "2017.04.27"]
[SourceQuality "1"]
[WhiteTeam "Nickelsdorf Blackburne II"]
[BlackTeam "Pressbaum"]
[WhiteTeamCountry "AUT"]
[BlackTeamCountry "AUT"]

1. e4 e6 2. d4 d5 3. Nc3 h6 4. Nf3 Nf6 5. Bd3 Bb4 6. exd5 exd5 7. a3 Bxc3+ 8. bxc3 0-0 9. 0-0 Nc6 10. Re1 Bg4 11. h3 Bh5 12. g4 Bg6 13. Bxg6 fxg6 14. Qd3 Ne4 15. c4 Rxf3 16. Qxf3 Nxd4 17. Qd3 Qf6 18. f4 Nc5 19. Qd1 dxc4 20. Be3 Rd8 21. Rb1 Nce6 22. Rf1 b6 23. Rf2 Nb5 24. Rd2 Nc3 25. Rxd8+ Nxd8 26. Bd4 Qxd4+ 27. Qxd4 Ne2+ 28. Kf2 Nxd4 29. Rd1 N8e6 30. c3 Nb5 31. f5 gxf5 32. gxf5 Nc5 33. Ke3 Nd3 34. Rg1 Kf7 35. Rg4 Nd6 36. Kd4 Nxf5+ 0-1

[Event "AUT-chT2O 1415"]
[Site "Austria"]
[Date "2015.03.08"]
[Round "11.5"]
[White "Rogetzer, Klaus"]
[Black "Bachofner, Christian"]
[Result "1-0"]
[WhiteElo "2111"]
[BlackElo "2064"]
[PlyCount "127"]
[EventDate "2014.10.18"]
[EventType "team-tourn"]
[EventRounds "11"]
[EventCountry "AUT"]
[SourceTitle "EXT 2016"]
[Source "ChessBase"]
[SourceDate "2015.10.08"]
[SourceVersion "1"]
[SourceVersionDate "2015.10.08"]
[SourceQuality "1"]
[WhiteTeam "Austria"]
[BlackTeam "Nickelsdorf"]
[WhiteTeamCountry "AUT"]
[BlackTeamCountry "AUT"]

1. d4 d5 2. c4 c6 3. Nf3 Nf6 4. Nc3 e6 5. e3 Nbd7 6. Bd3 dxc4 7. Bxc4 b5 8. Be2 Bb7 9. 0-0 a6 10. a3 c5 11. dxc5 Bxc5 12. b4 Be7 13. Bb2 0-0 14. Qb3 Qb6 15. Rfd1 Rfd8 16. Rd4 Nf8 17. Rad1 Rxd4 18. Rxd4 Rd8 19. Qd1 Ng6 20. Rxd8+ Qxd8 21. Qxd8+ Bxd8 22. Nd2 Nh4 23. g3 Nf5 24. Nb3 Nd7 25. a4 bxa4 26. Nxa4 Be7 27. Nac5 Nxc5 28. Nxc5 Bxc5 29. bxc5 Ne7 30. Kf1 Nc6 31. Ke1 Kf8 32. Kd2 g6 33. g4 Ke7 34. g5 Kd7 35. Bc3 Nd8 36. Bd1 Bc6 37. Ba5 Nb7 38. Bb6 Ke7 39. Kc3 Nd8 40. Be2 Bb7 41. Bc7 Nc6 42. f4 Kd7 43. Bb6 Ne7 44. Kd4 Nc6+ 45. Kc4 Ne7 46. Ba5 Nc6 47. Bc3 Ne7 48. Bd2 Nc6 49. Bd3 Bc8 50. e4 Bb7 51. Bc3 Ne7 52. Bc2 Bc6 53. Kd4 Bb5 54. Ke5 Ke8 55. Kd6 Nc6 56. f5 exf5 57. exf5 Kd8 58. Be4 Nb8 59. fxg6 fxg6 60. c6 Kc8 61. Ba5 Be2 62. Bd5 Bg4 63. Bg8 Bf3 64. Be6+ 1-0

[Event "AUT-chT2O 1314"]
[Site "Austria"]
[Date "2014.03.23"]
[Round "11.6"]
[White "Bachofner, Christian"]
[Black "Groetz, Harald"]
[Result "1/2-1/2"]
[WhiteElo "2076"]
[BlackElo "2316"]
[PlyCount "90"]
[EventDate "2013.10.05"]
[EventType "team-tourn"]
[EventRounds "11"]
[EventCountry "AUT"]
[SourceTitle "EXT 2015"]
[Source "ChessBase"]
[SourceDate "2014.11.20"]
[SourceVersion "1"]
[SourceVersionDate "2014.11.20"]
[SourceQuality "1"]
[WhiteTeam "Nickelsdorf"]
[BlackTeam "Zwettl"]
[WhiteTeamCountry "AUT"]
[BlackTeamCountry "AUT"]

1. e4 c5 2. Nf3 e6 3. d4 cxd4 4. Nxd4 a6 5. Bd3 Bc5 6. Nb3 Be7 7. Nc3 d6 8. Be3 Nd7 9. 0-0 Ngf6 10. f4 Qc7 11. f5 Ne5 12. fxe6 fxe6 13. Kh1 b5 14. a4 b4 15. Ne2 0-0 16. a5 Bd7 17. Nf4 Qb7 18. Nd2 Rac8 19. b3 Nxd3 20. cxd3 e5 21. Nh5 d5 22. Nxf6+ Bxf6 23. exd5 Qxd5 24. Nc4 Bc6 25. Ra2 Rcd8 26. Bb6 Rd7 27. Rd2 Re8 28. Qg4 Be7 29. Be3 Bc5 30. Bxc5 Qxc5 31. h3 Rde7 32. Re2 Bd5 33. Rfe1 Bf7 34. d4 exd4 35. Rxe7 Rxe7 36. Rxe7 Qxe7 37. Qxd4 h6 38. Qf4 Qc5 39. Qb8+ Kh7 40. Qb6 Qg5 41. Qxb4 Qc1+ 42. Kh2 Qf4+ 43. Kg1 Qc1+ 44. Kh2 Qf4+ 45. Kg1 Qc1+ 1/2-1/2

[Event "AUT-chT2O 1314"]
[Site "Austria"]
[Date "2013.10.05"]
[Round "1.6"]
[White "Janetschek, Karl"]
[Black "Bachofner, Christian"]
[Result "1-0"]
[WhiteElo "2238"]
[BlackElo "2076"]
[PlyCount "107"]
[EventDate "2013.10.05"]
[EventType "team-tourn"]
[EventRounds "11"]
[EventCountry "AUT"]
[SourceTitle "CBM 156 Extra"]
[Source "ChessBase"]
[SourceDate "2013.10.22"]
[SourceVersion "1"]
[SourceVersionDate "2013.10.22"]
[SourceQuality "1"]
[WhiteTeam "Hietzing/Ottakring"]
[BlackTeam "Nickelsdorf"]
[WhiteTeamCountry "AUT"]
[BlackTeamCountry "AUT"]

1. e4 c5 2. Nf3 d6 3. d4 cxd4 4. Nxd4 Nf6 5. Nc3 a6 6. Bg5 e6 7. f4 Be7 8. Qf3 Qc7 9. Bd3 Nbd7 10. 0-0-0 b5 11. Bxf6 gxf6 12. Qh5 Nc5 13. a3 Bd7 14. f5 0-0 15. Rhf1 Kh8 16. Rf3 Rg8 17. Qxf7 Be8 18. Nxe6 Bxf7 19. Nxc7 Ra7 20. N7d5 Bh5 21. Be2 Bxf3 22. Bxf3 Rd8 23. b4 Na4 24. Nxa4 bxa4 25. Rd4 Kg7 26. Rc4 Rb8 27. Rc6 Kf8 28. Be2 Ke8 29. Rxa6 Rxa6 30. Bxa6 Bd8 31. c4 Kf7 32. Kd2 Bb6 33. Nxb6 Rxb6 34. Bc8 Ke7 35. Kc3 Kd8 36. Be6 Rb7 37. b5 Kc7 38. Kb4 Kb6 39. Kxa4 Kc5 40. Kb3 Rg7 41. Bd5 h6 42. g3 Ra7 43. a4 Ra5 44. g4 Ra7 45. h3 Ra5 46. h4 Ra7 47. g5 hxg5 48. hxg5 fxg5 49. f6 g4 50. e5 Rh7 51. e6 Rh3+ 52. Kc2 Kd4 53. f7 Rh2+ 54. Kb3 1-0

[Event "AUT-chT2O 1112"]
[Site "Austria"]
[Date "2012.03.17"]
[Round "8.6"]
[White "Neff, Gregor"]
[Black "Bachofner, Christian"]
[Result "1-0"]
[WhiteElo "2174"]
[BlackElo "2065"]
[PlyCount "61"]
[EventDate "2011.10.15"]
[EventType "team-tourn"]
[EventRounds "11"]
[EventCountry "AUT"]
[SourceTitle "EXT 2013"]
[Source "ChessBase"]
[SourceDate "2012.11.22"]
[SourceVersion "1"]
[SourceVersionDate "2012.11.22"]
[SourceQuality "1"]
[WhiteTeam "Tschaturanga"]
[BlackTeam "Nickelsdorf"]
[WhiteTeamCountry "AUT"]
[BlackTeamCountry "AUT"]

1. Nf3 d5 2. c4 c6 3. e3 Nf6 4. Nc3 e6 5. b3 Nbd7 6. Qc2 Bd6 7. Bb2 0-0 8. Be2 b6 9. Rg1 Bb7 10. g4 c5 11. g5 Ne8 12. h4 dxc4 13. bxc4 a6 14. h5 e5 15. Ne4 Qe7 16. 0-0-0 Nc7 17. Nh4 g6 18. f4 Bxe4 19. Qxe4 exf4 20. Qxe7 Bxe7 21. exf4 Bd6 22. Rdf1 Ne6 23. Bg4 Rad8 24. hxg6 Nd4 25. gxh7+ Kxh7 26. Nf5 Bc7 27. Rh1+ Kg8 28. Nxd4 cxd4 29. Bxd4 f6 30. Be6+ Kg7 31. gxf6+ 1-0

[Event "AUT-chT2O 1011"]
[Site "Austria"]
[Date "2010.11.01"]
[Round "5.6"]
[White "Bachofner, Christian"]
[Black "Salamon, Werner"]
[Result "1/2-1/2"]
[WhiteElo "2076"]
[BlackElo "2152"]
[PlyCount "60"]
[EventDate "2010.10.02"]
[EventType "team-tourn"]
[EventRounds "11"]
[EventCountry "AUT"]
[SourceTitle "EXT 2011"]
[Source "ChessBase"]
[SourceDate "2010.11.26"]
[SourceVersion "1"]
[SourceVersionDate "2010.11.26"]
[SourceQuality "1"]
[WhiteTeam "Nickelsdorf"]
[BlackTeam "Mattersburg"]
[WhiteTeamCountry "AUT"]
[BlackTeamCountry "AUT"]

1. Nf3 Nf6 2. d4 d5 3. g3 Bf5 4. Bg2 c6 5. 0-0 e6 6. b3 h6 7. Bb2 Be7 8. Nbd2 0-0 9. c4 Nbd7 10. Ne5 a5 11. Nxd7 Qxd7 12. a3 Rfd8 13. Re1 Qc7 14. Qc1 Rac8 15. Qc3 Qb6 16. Rad1 c5 17. e3 cxd4 18. exd4 Bf8 19. c5 Qc7 20. Rc1 b6 21. b4 axb4 22. axb4 bxc5 23. bxc5 Ra8 24. Ra1 Qc6 25. h3 Rdb8 26. Rxa8 Rxa8 27. Ra1 Rb8 28. Ra3 Nd7 29. Rb3 Rc8 30. f4 f6 1/2-1/2

[Event "AUT-chT2O 1011"]
[Site "Austria"]
[Date "2010.10.30"]
[Round "3.6"]
[White "Bachofner, Christian"]
[Black "Petschar, Hans"]
[Result "1-0"]
[WhiteElo "2076"]
[BlackElo "2088"]
[PlyCount "119"]
[EventDate "2010.10.02"]
[EventType "team-tourn"]
[EventRounds "11"]
[EventCountry "AUT"]
[SourceTitle "EXT 2011"]
[Source "ChessBase"]
[SourceDate "2010.11.26"]
[SourceVersion "1"]
[SourceVersionDate "2010.11.26"]
[SourceQuality "1"]
[WhiteTeam "Nickelsdorf"]
[BlackTeam "Tschaturanga"]
[WhiteTeamCountry "AUT"]
[BlackTeamCountry "AUT"]

1. e4 e6 2. d4 d5 3. Nc3 Bb4 4. e5 Ne7 5. a3 Bxc3+ 6. bxc3 c5 7. a4 Qa5 8. Bd2 Nbc6 9. Nf3 Bd7 10. Bd3 0-0-0 11. 0-0 c4 12. Be2 f5 13. Qc1 h6 14. Qa3 Rde8 15. Rfb1 Nd8 16. Bc1 Bc6 17. Rb4 g5 18. Nd2 f4 19. Rab1 Nf5 20. Qb2 Rh7 21. Bf3 Nh4 22. Bh5 Rg8 23. Be2 g4 24. g3 fxg3 25. hxg3 Nf5 26. Nf1 h5 27. Ne3 Nxe3 28. Bxe3 Qc7 29. Bf1 h4 30. Bf4 Rgh8 31. Bg2 Qf7 32. a5 a6 33. Rb6 hxg3 34. Bxg3 Rh5 35. Qc1 Qh7 36. Kf1 Rf8 37. Ke2 Rhf5 38. Qe3 Rf3 39. Bxf3 Qxc2+ 40. Kf1 gxf3 41. R6b2 Qh7 42. Ke1 Rf5 43. Kd2 Nf7 44. Bf4 Qh4 45. Bg3 Qg4 46. Rh1 Qg7 47. Rbb1 Ng5 48. Rh4 Ne4+ 49. Rxe4 dxe4 50. Rh1 Bd5 51. Bh4 Rh5 52. Bf6 Qh7 53. Rg1 Rh1 54. Rxh1 Qxh1 55. Qg5 Qh7 56. Bd8 Kd7 57. Bb6 Kc6 58. Qd8 e3+ 59. Kc1 Qd7 60. Qf8 1-0

[Event "AUT-chT2O 1011"]
[Site "Austria"]
[Date "2010.10.03"]
[Round "2.6"]
[White "Rampler, Evelyn"]
[Black "Bachofner, Christian"]
[Result "1/2-1/2"]
[WhiteElo "1842"]
[BlackElo "2076"]
[PlyCount "55"]
[EventDate "2010.10.02"]
[EventType "team-tourn"]
[EventRounds "11"]
[EventCountry "AUT"]
[SourceTitle "CBM 138 Extra"]
[Source "ChessBase"]
[SourceDate "2010.10.29"]
[SourceVersion "1"]
[SourceVersionDate "2010.10.29"]
[SourceQuality "1"]
[WhiteTeam "Wulkaprodersdorf"]
[BlackTeam "Nickelsdorf"]
[WhiteTeamCountry "AUT"]
[BlackTeamCountry "AUT"]

1. e4 c5 2. Nc3 d6 3. g3 Nc6 4. Bg2 g6 5. d3 Bg7 6. Be3 e6 7. Qd2 Rb8 8. Nge2 Nd4 9. Nd1 Ne7 10. Nc1 0-0 11. c3 Ndc6 12. d4 b6 13. 0-0 Ba6 14. Re1 Qc7 15. Ne2 Na5 16. b3 Rfd8 17. Nf4 Bb7 18. d5 e5 19. Nh3 Bc8 20. Rc1 Rf8 21. f4 f5 22. fxe5 Bxe5 23. Bh6 Re8 24. Ndf2 Nb7 25. Nd3 Bg7 26. Bxg7 Kxg7 27. e5 dxe5 28. Nxe5 1/2-1/2

[Event "AUT-chT2O 0910"]
[Site "Austria"]
[Date "2010.01.31"]
[Round "6.6"]
[White "Bachofner, Christian"]
[Black "Ebert, Christian"]
[Result "1-0"]
[WhiteElo "2072"]
[BlackElo "1926"]
[PlyCount "131"]
[EventDate "2009.10.17"]
[EventType "team-tourn"]
[EventRounds "11"]
[EventCountry "AUT"]
[SourceTitle "EXT 2011"]
[Source "ChessBase"]
[SourceDate "2010.11.26"]
[SourceVersion "1"]
[SourceVersionDate "2010.11.26"]
[SourceQuality "1"]
[WhiteTeam "Nickelsdorf"]
[BlackTeam "Baden Invest II"]
[WhiteTeamCountry "AUT"]
[BlackTeamCountry "AUT"]

1. e4 c5 2. Nf3 e6 3. d4 cxd4 4. Nxd4 a6 5. Bd3 Nf6 6. 0-0 Qc7 7. c4 b6 8. Nc3 Bb7 9. Qe2 d6 10. Kh1 Nbd7 11. f4 Be7 12. Bd2 0-0 13. Rac1 Rfe8 14. Bb1 Rac8 15. b3 Qb8 16. Rce1 Red8 17. Nf3 g6 18. f5 Bf8 19. fxe6 fxe6 20. Nd4 Re8 21. Rf2 Bg7 22. Nc2 d5 23. e5 Ne4 24. Nxe4 dxe4 25. Ne3 Nxe5 26. Ng4 Rf8 27. Rxf8+ Rxf8 28. Bxe4 Bxe4 29. Qxe4 Nxg4 30. Qxe6+ Kh8 31. Qxg4 Qd6 32. Qg5 h6 33. Qe3 Rf5 34. Bc3 Bxc3 35. Qxc3+ Qf6 36. Qxf6+ Rxf6 37. Kg1 Kg8 38. Re3 Kg7 39. b4 Rd6 40. Re2 Kf6 41. Kf2 Rd4 42. Rc2 Ke6 43. Ke3 Rh4 44. g3 Rg4 45. Kd3 h5 46. Re2+ Kd7 47. Re4 Rg5 48. Kd4 a5 49. a3 axb4 50. axb4 Kd6 51. Rf4 Ke6 52. c5 bxc5+ 53. bxc5 Rd5+ 54. Kc4 Rd2 55. h4 Rc2+ 56. Kb5 Kd5 57. Rf6 Rxc5+ 58. Kb6 Rc8 59. Rxg6 Rh8 60. Rg5+ Kd6 61. Kb5 Ke6 62. Kc5 Rh6 63. Kd4 Kf6 64. Ke4 Rg6 65. Rxg6+ Kxg6 66. Ke5 1-0

[Event "AUT-chT2O 0809"]
[Site "Austria"]
[Date "2009.01.18"]
[Round "7.5"]
[White "Bachofner, Christian"]
[Black "Hechl, Gerald"]
[Result "0-1"]
[WhiteElo "2110"]
[BlackElo "2218"]
[PlyCount "82"]
[EventDate "2008.10.03"]
[EventType "team-tourn"]
[EventRounds "11"]
[EventCountry "AUT"]
[SourceTitle "EXT 2010"]
[Source "ChessBase"]
[SourceDate "2010.11.25"]
[SourceVersion "1"]
[SourceVersionDate "2010.11.25"]
[SourceQuality "1"]
[WhiteTeam "Nickelsdorf"]
[BlackTeam "Eichgraben"]
[WhiteTeamCountry "AUT"]
[BlackTeamCountry "AUT"]

1. e4 c5 2. Nf3 e6 3. Nc3 a6 4. a4 Nc6 5. g3 Bd6 6. Bg2 Nge7 7. 0-0 Bc7 8. d4 cxd4 9. Nxd4 h5 10. h3 Bb6 11. Nb3 Ng6 12. Kh1 Nge5 13. Qe2 g5 14. Nd5 g4 15. h4 Nf3 16. Nxb6 Qxb6 17. Bxf3 gxf3 18. Qxf3 Qb4 19. Bd2 Qc4 20. Bc3 e5 21. Qd3 Qe6 22. Kg2 d6 23. Rh1 Qg6 24. Rad1 Be6 25. Na5 Nxa5 26. Bxa5 Rc8 27. b3 d5 28. exd5 Bf5 29. Qe3 Be4+ 30. f3 Bxc2 31. Qxe5+ Kd7 32. Rd2 b6 33. Bb4 Rhe8 34. Qd4 Bxb3 35. Qb2 Bxa4 36. Rc1 Rg8 37. g4 hxg4 38. Re1 gxf3+ 39. Kh1 Rce8 40. Qa1 Bb5 41. d6 Re2 0-1

[Event "AUT-chT2O 0708"]
[Site "Austria"]
[Date "2007.12.02"]
[Round "5.5"]
[White "Bachofner, Christian"]
[Black "Mihok, Oliver"]
[Result "0-1"]
[WhiteElo "2098"]
[BlackElo "2371"]
[PlyCount "94"]
[EventDate "2007.10.20"]
[EventType "team"]
[EventRounds "11"]
[EventCountry "AUT"]
[SourceTitle "CBM 121 Extra"]
[Source "ChessBase"]
[SourceDate "2008.01.10"]
[SourceVersion "1"]
[SourceVersionDate "2008.01.10"]
[SourceQuality "1"]
[WhiteTeam "Nickelsdorf"]
[BlackTeam "Wien Husek"]
[WhiteTeamCountry "AUT"]
[BlackTeamCountry "AUT"]

1. e4 c5 2. Nf3 e6 3. d4 cxd4 4. Nxd4 Nf6 5. Bd3 Nc6 6. Nb3 Qc7 7. Nc3 a6 8. a4 b6 9. 0-0 Be7 10. Kh1 d6 11. f4 Bb7 12. f5 Ne5 13. fxe6 fxe6 14. Nd4 Qd7 15. Be3 0-0 16. Qe2 Nfg4 17. Bg1 Bf6 18. h3 Nxd3 19. cxd3 Ne5 20. Nf3 Nxf3 21. Rxf3 b5 22. axb5 axb5 23. Rxa8 Rxa8 24. Rf1 b4 25. Nd1 Kh8 26. Be3 d5 27. exd5 Qxd5 28. Bd2 Ba6 29. Rf3 Rd8 30. Bxb4 Bxd3 31. Qf2 Kg8 32. Bc3 Bxc3 33. Nxc3 Qd7 34. Qe3 Bf5 35. Qb6 Qd2 36. Rf2 Qe1+ 37. Kh2 Qe5+ 38. Kg1 Ra8 39. Rf1 Rb8 40. Qf2 h6 41. Rd1 Rf8 42. Qb6 Bxh3 43. gxh3 Qg3+ 44. Kh1 Qxh3+ 45. Kg1 Rf3 46. Qb8+ Kh7 47. Qh2 Qg4+ 0-1

[Event "AUT-chT2O 0708"]
[Site "Austria"]
[Date "2007.11.30"]
[Round "3.5"]
[White "Bachofner, Christian"]
[Black "Stadler, Peter"]
[Result "1/2-1/2"]
[WhiteElo "2098"]
[BlackElo "2103"]
[PlyCount "57"]
[EventDate "2007.10.20"]
[EventType "team"]
[EventRounds "11"]
[EventCountry "AUT"]
[SourceTitle "CBM 121 Extra"]
[Source "ChessBase"]
[SourceDate "2008.01.10"]
[SourceVersion "1"]
[SourceVersionDate "2008.01.10"]
[SourceQuality "1"]
[WhiteTeam "Nickelsdorf"]
[BlackTeam "Zwettl"]
[WhiteTeamCountry "AUT"]
[BlackTeamCountry "AUT"]

1. e4 c5 2. Nf3 e6 3. d4 cxd4 4. Nxd4 Nf6 5. Bd3 a6 6. c4 Be7 7. Nc3 d6 8. 0-0 Qc7 9. Be3 Nbd7 10. f4 b6 11. Rc1 Bb7 12. f5 e5 13. Nd5 Qd8 14. Nf3 Rc8 15. Qb3 Rc6 16. Nb4 Rc8 17. Nd5 Rc6 18. a4 a5 19. Qd1 0-0 20. h3 Nc5 21. Bxc5 Rxc5 22. Qd2 Bxd5 23. cxd5 Nd7 24. Bb5 Rxc1 25. Rxc1 Nc5 26. Qe2 Bg5 27. Rc4 Qf6 28. Bc6 Qh6 29. Nxg5 1/2-1/2

[Event "Vienna op-A 15th"]
[Site "Vienna"]
[Date "2006.08.05"]
[Round "8"]
[White "Bachofner, Christian"]
[Black "Boehm, Gerhard"]
[Result "1/2-1/2"]
[WhiteElo "2146"]
[BlackElo "2076"]
[PlyCount "95"]
[EventDate "2006.07.29"]
[EventType "swiss"]
[EventRounds "9"]
[EventCountry "AUT"]
[SourceTitle "CBM 113 Extra"]
[Source "ChessBase"]
[SourceDate "2006.09.14"]
[SourceVersion "1"]
[SourceVersionDate "2006.09.14"]
[SourceQuality "1"]

1. e4 g6 2. d4 Bg7 3. Nc3 c6 4. Nf3 d5 5. h3 dxe4 6. Nxe4 Nd7 7. Bd3 Ngf6 8. 0-0 Nxe4 9. Bxe4 Nf6 10. Bd3 0-0 11. Re1 e6 12. c3 b6 13. Ne5 Bb7 14. Bg5 Qc8 15. Qd2 Nd7 16. Nc4 b5 17. Nd6 Qc7 18. Bf4 e5 19. dxe5 Bxe5 20. Rxe5 Nxe5 21. Bxe5 Rad8 22. Nxf7 Qxf7 23. Qe2 Qd5 24. Bc2 c5 25. f4 Qd2 26. Re1 Rd7 27. a4 a6 28. axb5 axb5 29. Kf2 Rfd8 30. g3 Qxe2+ 31. Rxe2 Rd2 32. Ke3 Rxe2+ 33. Kxe2 c4 34. b3 Ra8 35. bxc4 Ra2 36. Kd1 bxc4 37. f5 g5 38. f6 Bd5 39. h4 gxh4 40. gxh4 h5 41. Bg6 Bf7 42. Be4 Kf8 43. Bf4 Be6 44. Bg5 Ke8 45. Bc6+ Kf7 46. Be4 Bg4+ 47. Kc1 Re2 48. Bd5+ 1/2-1/2

[Event "Vienna op-A 15th"]
[Site "Vienna"]
[Date "2006.08.01"]
[Round "4"]
[White "Bachofner, Christian"]
[Black "Kottisch, Gustav"]
[Result "1/2-1/2"]
[WhiteElo "2146"]
[BlackElo "1991"]
[PlyCount "86"]
[EventDate "2006.07.29"]
[EventType "swiss"]
[EventRounds "9"]
[EventCountry "AUT"]
[SourceTitle "CBM 113 Extra"]
[Source "ChessBase"]
[SourceDate "2006.09.14"]
[SourceVersion "1"]
[SourceVersionDate "2006.09.14"]
[SourceQuality "1"]

1. e4 c5 2. Nf3 Nc6 3. Nc3 d6 4. d4 cxd4 5. Nxd4 Nf6 6. Bc4 e6 7. Bb3 a6 8. Be3 Na5 9. Qe2 Nxb3 10. axb3 Bd7 11. f3 Be7 12. g4 0-0 13. h4 e5 14. Nf5 Bxf5 15. gxf5 Nh5 16. Qh2 Rc8 17. 0-0-0 Qa5 18. Kb1 Rxc3 19. bxc3 Qxc3 20. Qd2 Qc7 21. Rdg1 Rc8 22. Rg2 Kh8 23. Bg5 f6 24. Be3 Bf8 25. Rd1 a5 26. Qd5 a4 27. bxa4 Ra8 28. Qb3 Qc6 29. Rd3 Rxa4 30. Rc3 Qe8 31. Rc4 Ra8 32. Rc7 d5 33. Bc1 b6 34. Bb2 Nf4 35. Rd2 d4 36. Qc4 Bc5 37. Qf7 Qxf7 38. Rxf7 Kg8 39. Rb7 Ra5 40. Rh2 h6 41. Kc1 Rb5 42. Rb8+ Kf7 43. Rd8 d3 1/2-1/2

[Event "Vienna op-A 15th"]
[Site "Vienna"]
[Date "2006.07.30"]
[Round "2"]
[White "Bachofner, Christian"]
[Black "Sabel, Reinhard"]
[Result "1/2-1/2"]
[WhiteElo "2146"]
[BlackElo "2059"]
[PlyCount "63"]
[EventDate "2006.07.29"]
[EventType "swiss"]
[EventRounds "9"]
[EventCountry "AUT"]
[SourceTitle "CBM 113 Extra"]
[Source "ChessBase"]
[SourceDate "2006.09.14"]
[SourceVersion "1"]
[SourceVersionDate "2006.09.14"]
[SourceQuality "1"]

1. e4 e5 2. Nf3 Nc6 3. Nc3 Nf6 4. Bb5 Bb4 5. 0-0 0-0 6. d3 d6 7. Bg5 Bxc3 8. bxc3 a6 9. Bxc6 bxc6 10. Rb1 Be6 11. c4 Rb8 12. Qd2 Rb6 13. Rb3 h6 14. Be3 c5 15. Rfb1 Nd7 16. Qa5 Qc8 17. Qd2 Qd8 18. a4 Qe7 19. a5 Rxb3 20. cxb3 f5 21. exf5 Bxf5 22. Re1 Bg4 23. b4 Rxf3 24. gxf3 Bxf3 25. Bxh6 gxh6 26. Qxh6 cxb4 27. Re3 Qf7 28. Qg5+ Kf8 29. Qd8+ Kg7 30. Rxf3 Qxf3 31. Qxd7+ Kg6 32. Qxc7 1/2-1/2

[Event "Vienna op-A 15th"]
[Site "Vienna"]
[Date "2006.07.29"]
[Round "1"]
[White "Guliyev, Namig"]
[Black "Bachofner, Christian"]
[Result "1-0"]
[WhiteElo "2543"]
[BlackElo "2146"]
[PlyCount "39"]
[EventDate "2006.07.29"]
[EventType "swiss"]
[EventRounds "9"]
[EventCountry "AUT"]
[SourceTitle "CBM 113 Extra"]
[Source "ChessBase"]
[SourceDate "2006.09.14"]
[SourceVersion "1"]
[SourceVersionDate "2006.09.14"]
[SourceQuality "1"]

1. e4 c5 2. Nf3 d6 3. d4 cxd4 4. Nxd4 Nf6 5. Nc3 a6 6. Bc4 e6 7. Bb3 Nc6 8. Be3 Qc7 9. 0-0 Be7 10. f4 Bd7 11. f5 e5 12. Ne6 fxe6 13. fxe6 Na5 14. Rxf6 Bxf6 15. Nd5 Qc6 16. Qh5+ Kd8 17. Bb6+ Kc8 18. exd7+ Kxd7 19. Qf5+ Ke8 20. Nxf6+ 1-0

[Event "AUT-ch"]
[Site "Hartberg"]
[Date "2004.07.26"]
[Round "3"]
[White "Kreindl, Helmut"]
[Black "Bachofner, Christian"]
[Result "1/2-1/2"]
[WhiteElo "2228"]
[BlackElo "2163"]
[PlyCount "114"]
[EventDate "2004.07.24"]
[EventType "swiss"]
[EventRounds "9"]
[EventCountry "AUT"]
[SourceTitle "CBM 101 Extra"]
[Source "ChessBase"]
[SourceDate "2004.09.01"]
[SourceVersion "2"]
[SourceVersionDate "2004.09.01"]
[SourceQuality "1"]

1. d4 d5 2. Nf3 Nf6 3. e3 Bf5 4. c4 c6 5. cxd5 Nxd5 6. Bd3 Bxd3 7. Qxd3 e6 8. 0-0 Nd7 9. e4 N5f6 10. Nc3 Be7 11. Bg5 h6 12. Bh4 0-0 13. Rad1 Re8 14. Ne5 Nxe5 15. dxe5 Qxd3 16. Rxd3 Nxe4 17. Nxe4 Bxh4 18. g3 Red8 19. Rb3 Rd4 20. Re1 Bd8 21. Rxb7 Bb6 22. Re2 Rad8 23. Kg2 R8d5 24. f4 Rd1 25. Kh3 R5d3 26. Kg4 Rd4 27. Kh3 R4d3 28. Kg4 Rd4 29. h4 R1d3 30. h5 Rd1 31. Rb8+ Rd8 32. Rb7 R8d4 33. Rb8+ Rd8 34. Rxd8+ Rxd8 35. Nd6 f6 36. Rc2 fxe5 37. fxe5 Bd4 38. Kf4 c5 39. Ke4 Rb8 40. b3 a6 41. Rc1 Bf2 42. g4 Bd4 43. Rc4 a5 44. Ra4 Bc3 45. Rc4 Bd4 46. Rc1 Rb4 47. Rf1 a4 48. Rb1 Bf2+ 49. Nc4 axb3 50. axb3 Bd4 51. Na5 Bf2+ 52. Kf3 Bh4 53. Nc4 Bg5 54. Kg3 Rb8 55. Kg2 Rb4 56. Kg3 Rb8 57. Kg2 Rb4 1/2-1/2

[Event "AUT-ch"]
[Site "Hartberg"]
[Date "2004.07.25"]
[Round "2"]
[White "Bachofner, Christian"]
[Black "Brod, Manfred"]
[Result "1/2-1/2"]
[WhiteElo "2163"]
[BlackElo "2233"]
[PlyCount "66"]
[EventDate "2004.07.24"]
[EventType "swiss"]
[EventRounds "9"]
[EventCountry "AUT"]
[SourceTitle "CBM 101 Extra"]
[Source "ChessBase"]
[SourceDate "2004.09.01"]
[SourceVersion "2"]
[SourceVersionDate "2004.09.01"]
[SourceQuality "1"]

1. e4 c5 2. Nf3 e6 3. d4 cxd4 4. Nxd4 Nf6 5. Bd3 Nc6 6. Nxc6 dxc6 7. 0-0 e5 8. h3 Bc5 9. Qe2 Be6 10. Be3 Bxe3 11. Qxe3 Qb6 12. Qxb6 axb6 13. Nc3 Nd7 14. Be2 h5 15. Rfd1 Ke7 16. a4 g6 17. b3 Nc5 18. Rab1 f6 19. Rd2 h4 20. Rbd1 f5 21. Bf3 Rhg8 22. Re1 f4 23. Red1 Rgd8 24. Rxd8 Rxd8 25. Rxd8 Kxd8 26. Bd1 Ke7 27. Kf1 Kd6 28. Ke1 g5 29. f3 Na6 30. Kd2 Kc5 31. Na2 Nb4 32. Nc1 Kd6 33. Be2 c5 1/2-1/2